Meilleurs Buteurs Des Clasicos - Football - Statistiques

Statistiques générales
  • Ce quiz a été pris 686 fois
  • Le résultat moyen est 7 sur 19
Statistiques - réponses
Rang Buts Club Nationalité Joueur % Correct
1 26 FC Barcelone Argentine Lionel Messi
100%
2 18 Real Madrid Portugal Cristiano Ronaldo
99%
3 16 Real Madrid France Karim Benzema
92%
7 11 FC Barcelone Uruguay Luis Suarez
84%
10 8 FC Barcelone Espagne Luis Suarez
84%
4 15 Real Madrid Espagne Raul Gonzalez
70%
5 14 Real Madrid Hongrie Ferenc Puskas
69%
2 18 Real Madrid Espagne / Argentine Alfredo Di Stefano
60%
8 10 Real Madrid Mexique Hugo Sanchez
49%
5 14 Real Madrid Espagne Francisco Gento
12%
5 14 FC Barcelone Espagne César
4%
10 8 Real Madrid Chili Ivan Zamorano
4%
10 8 Real Madrid Espagne Santiago Bernabéu
4%
6 12 Real Madrid Espagne Carlos Santillana
3%
9 9 FC Barcelone Espagne Estanislao Basora
0%
10 8 FC Barcelone Paraguay / Espagne Eulogio Martinez
0%
10 8 Real Madrid Espagne Jaime Lazcano
0%
8 10 FC Barcelone / Real Madrid Espagne Josep Samitier
0%
8 10 Real Madrid Espagne Juanito
0%
Aucun quiz correspondant
Distribution des résultats
% des personnes avec chaque résultat
Percentile par nombre de réponses
Votre historique - résultats
Vous n’avez pas pris ce quiz